中国主要河流湖泊 - 地图版 - Statistics

General Stats
  • This quiz has been taken 858 times
  • The average score is 46 of 104
Answers on the Map
Answers color-coded by a green-red scale on the quiz's map according to % correct below.
 
Answer Stats
Region Answer % Correct
黄河流域 黄河
96%
长江流域 长江
96%
松辽河流域 黑龙江
93%
珠江流域 珠江
92%
淮河流域 淮河
89%
湖泊 青海湖
87%
西南诸河 澜沧江
87%
湖泊 太湖
86%
西南诸河 雅鲁藏布江
85%
海河流域 海河
84%
湖泊 洞庭湖
83%
湖泊 鄱阳湖
83%
长江流域 汉江
81%
松辽河流域 松花江
81%
长江流域 湘江
79%
松辽河流域 辽河
79%
黄河流域 渭河
77%
长江流域 赣江
77%
松辽河流域 鸭绿江
77%
海河流域 京杭运河
77%
内流河 塔里木河
77%
西南诸河 怒江
76%
东南诸河 钱塘江
75%
长江流域 乌江
71%
湖泊 纳木错
70%
湖泊 巢湖
69%
湖泊 洪湖
68%
长江流域 岷江
67%
长江流域 嘉陵江
67%
东南诸河 闽江
67%
湖泊 洪泽湖
66%
松辽河流域 乌苏里江
62%
黄河流域 泾河
61%
湖泊 呼伦湖
60%
湖泊 南四湖
59%
湖泊 兴凯湖
59%
黄河流域 汾河
59%
松辽河流域 嫩江
59%
西南诸河 元江
59%
松辽河流域 图们江
56%
其他 额尔齐斯河
56%
湖泊 高邮湖
53%
长江流域 大渡河
53%
湖泊 千岛湖
52%
珠江流域 东江
52%
海河流域 永定河
48%
长江流域 雅砻江
44%
珠江流域 北江
44%
湖泊 滇池
41%
长江流域 沅江
41%
松辽河流域 牡丹江
41%
湖泊 色林错
38%
湖泊 丹江口水库
38%
内流河 伊犁河
38%
湖泊 洱海
37%
黄河流域 湟水
34%
海河流域 滦河
33%
松辽河流域 额尔古纳河
32%
内流河 黑河
32%
湖泊 博斯腾湖
30%
湖泊 赛里木湖
29%
东南诸河 瓯江
29%
淮河流域 沂河
28%
海河流域 子牙河
28%
东南诸河 浊水溪
28%
湖泊 班公湖
27%
湖泊 扎陵湖
26%
湖泊 抚仙湖
26%
湖泊 鄂陵湖
25%
东南诸河 淡水河
25%
东南诸河 韩江
24%
海河流域 漳卫河
23%
内流河 和田河
23%
黄河流域 洮河
22%
湖泊 羊卓雍错
21%
珠江流域 北盘江
21%
珠江流域 桂江
21%
东南诸河 万泉河
21%
珠江流域 柳江
20%
湖泊 查干湖
19%
淮河流域 沙颍河
19%
内流河 孔雀河
19%
内流河 喀什噶尔河
18%
湖泊 骆马湖
17%
淮河流域 涡河
16%
东南诸河 九龙江
16%
东南诸河 南渡江
16%
珠江流域 郁江
15%
海河流域 大清河
13%
内流河 疏勒河
13%
湖泊 乌伦古湖
12%
内流河 阿克苏河
12%
松辽河流域 西拉木伦河
10%
东南诸河 昌化江
9%
湖泊 当惹雍错
8%
湖泊 艾比湖
8%
松辽河流域 穆棱河
8%
内流河 车尔臣河
8%
湖泊 扎日南木错
7%
湖泊 哈拉湖
7%
东南诸河 高屏溪
7%
湖泊 乌梁素海
5%
湖泊 阿雅克库木湖
4%
湖泊 昂拉仁错
3%
No matching quizzes found
Score Distribution
Percent of People with Each Score
Percentile by Number Answered
Your Score History
You have not taken this quiz